Statistics for Languages of the Russian Republics

Click here to take the quiz!

General Stats

  • This quiz has been taken 164 times
    (149 since last reset)
  • The average score is 14 of 24

Answer Stats

RepublicLanguage% Correct
TatarstanTatar
92%
Chechnya and DagestanChechen
87%
ChuvashiaChuvash
79%
IngushetiaIngush
78%
North Ossetia–AlaniaOssetian
75%
TuvaTuvan
75%
CrimeaUkrainian
75%
Altai RepublicAltai
74%
BuryatiaBuryat
74%
CrimeaCrimean Tatar
71%
AdygeaAdyghe
69%
BashkortostanBashkir
69%
UdmurtiaUdmurt
69%
Jewish Autonomous OblastYiddish
69%
KhakassiaKhakas
66%
SakhaYakut
63%
DagestanAvar
39%
MordoviaMoksha
35%
MordoviaErzya
32%
Mari ElHill Mari/ Meadow Mari
27%
Kabardino-Balkaria
and Karachay-Cherkessia
Kabardian
25%
Karachay-Cherkessia, DagestanNogai
19%
Karachay-CherkessiaAbaza
14%
Komi RepublicKomi-Zyrian
10%

Score Distribution

Percentile by Number Answered

Percent of People with Each Score

Your Score History

You have not taken this quiz since the last reset